| 000 | 00598nam a2200205 u 4500 | ||
|---|---|---|---|
| 005 | 20240111063547.0 | ||
| 008 | 091023s2008 cl r 000 0 spa d | ||
| 020 | _a9789582009502 | ||
| 035 | _aUPN01000173410 | ||
| 049 | _aCG | ||
| 050 | 4 |
_aPN4128 _bO2.2 |
|
| 100 | 1 | _aOchoa Sierra, Ligia | |
| 245 | 1 | 0 |
_aComunicación oral argumentativa : _bestrategias didácticas / _cLigia Ochoa Sierra. |
| 260 |
_aBogotá : _bMagisterio, _c2008. |
||
| 300 | _a146 p. | ||
| 440 | 0 | _aAula abierta | |
| 650 | 4 |
_aCOMUNICACION ORAL - _xESTUDIO Y ENSEÑANZA _96702 |
|
| 650 | 2 |
_aOratoria _94605 |
|
| 905 | _aLibro | ||
| 999 |
_c145514 _d145514 |
||